ảnh hưởng của thuốc diệt cỏ Gramevin trên sự tăng trưởng và năng suất lúa miến

Gespeichert in:
Bibliographische Detailangaben
1. Verfasser: Diệp Chấn Ben
Format: Buch
Sprache:Undetermined
Veröffentlicht: Cần Thơ Viện Đại Học Cần Thơ - Trường Cao Đẳng Nông Nghiệp 1972
Schlagworte:
Tags: Tag hinzufügen
Keine Tags, Fügen Sie den ersten Tag hinzu!
Thư viện lưu trữ: Trung tâm Học liệu Trường Đại học Cần Thơ
LEADER 00710nam a2200181Ia 4500
001 CTU_33607
008 210402s9999 xx 000 0 und d
082 |a 632.954 
082 |b B203 
100 |a Diệp Chấn Ben 
245 0 |a ảnh hưởng của thuốc diệt cỏ Gramevin trên sự tăng trưởng và năng suất lúa miến 
245 0 |c Diệp Chấn Ben, Lâm Hậu 
260 |a Cần Thơ 
260 |b Viện Đại Học Cần Thơ - Trường Cao Đẳng Nông Nghiệp 
260 |c 1972 
650 |a plants, protection of,rice, effect of herbicides on 
904 |i Minh, 991104 
980 |a Trung tâm Học liệu Trường Đại học Cần Thơ